| 000 | 00606nam a2200229Ia 4500 | ||
|---|---|---|---|
| 008 | 141004s9999 xx 000 0 und d | ||
| 040 | _ca | ||
| 041 | _aMalayalam | ||
| 082 | _a100 | ||
| 082 | _bWIL/M | ||
| 100 | _aC.T. William | ||
| 245 | _aManava vibhava vikasana thathuachinthayum arthasasthravum | ||
| 245 | _cC.T. William | ||
| 260 | _aThrissur | ||
| 260 | _bKerala Sahithya Academy | ||
| 260 | _c2005 | ||
| 300 | _a113 p. | ||
| 300 | _b21.5 cm | ||
| 365 | _aRs.70.00 | ||
| 650 | _ahuman resource development | ||
| 942 | _cBK | ||
| 999 |
_c304755 _d304755 |
||